000 00502cam a2200145 4500500
005 20260111093232.0
041 _afre
042 _adc
100 1 0 _aSuzzoni, Cécilia
_eauthor
245 0 0 _aParler, composer, jouer. Sept leçons sur la musique, Karol Beffa, Seuil, 2017, 233 p., 21 €
260 _c2017.
500 _a85
786 0 _nEsprit | Jui | 6 | 2017-06-01 | p. 157g-179g | 0014-0759
856 4 1 _uhttps://shs.cairn.info/revue-esprit-2017-6-page-157g?lang=fr&redirect-ssocas=7080
999 _c1625805
_d1625805